Open hours / (Record no. 1001)

MARC details
000 -LEADER
campo de control de longitud fija 01010nam a22002297a 4500
008 - DATOS DE LONGITUD FIJA--INFORMACIÓN GENERAL
campo de control de longitud fija 160806s2002 xxc||||| |||| 00| 0 eng d
082 04 - NÚMERO DE LA CLASIFICACIÓN DECIMAL DEWEY
Número de clasificación 708
Número de ítem K791o
100 ## - ENTRADA PRINCIPAL--NOMBRE DE PERSONA
Nombre de persona Koh, Germaine.
9 (RLIN) 5379
245 10 - MENCIÓN DEL TÍTULO
Título Open hours /
Mención de responsabilidad, etc. Germaine Koh ; McMaster Museum Art.
250 ## - MENCION DE EDICION
Mención de edición 1a ed.
260 ## - PUBLICACIÓN, DISTRIBUCIÓN, ETC.
Lugar de publicación, distribución, etc. Toronto, Canadá :
Nombre del editor, distribuidor, etc. McMaster Museum Art,
Fecha de publicación, distribución, etc. 2002.
300 ## - DESCRIPCIÓN FÍSICA
Extensión 32 p.
Otras características físicas il. col.
500 ## - NOTA GENERAL
Nota general Catálogo publicado con motivo a la exposición "Open Hours", presentada en McMaster Museum Art, del 1 de setiembre al 20 de octubre del 2002.
505 0# - NOTA DE CONTENIDO CON FORMATO
Título Introduction
Mención de responsabilidad Kim Ness.
Título Preliminary descriptions
Mención de responsabilidad Steve Reinke.
Título Superaturated quiet
Mención de responsabilidad Rosemary Heather.
Título Open hours exhibition list and artist notes
Mención de responsabilidad Germaine Koh.
Título Biographical information.
-- Artist's acknowledgements
Mención de responsabilidad Germaine Koh.
653 10 - TÉRMINO DE INDIZACIÓN--NO CONTROLADO
Término no controlado Arte contemporáneo
653 10 - TÉRMINO DE INDIZACIÓN--NO CONTROLADO
Término no controlado Catálogo de exhibición
653 10 - TÉRMINO DE INDIZACIÓN--NO CONTROLADO
Término no controlado Exhibiciones
653 10 - TÉRMINO DE INDIZACIÓN--NO CONTROLADO
Término no controlado Instalaciones
653 10 - TÉRMINO DE INDIZACIÓN--NO CONTROLADO
Término no controlado Fotografía
653 10 - TÉRMINO DE INDIZACIÓN--NO CONTROLADO
Término no controlado Arte conceptual
710 1# - ENTRADA AGREGADA--NOMBRE DE ENTIDAD CORPORATIVA
Nombre de entidad corporativa o nombre de jurisdicción como elemento de entrada McMaster Museum Art.
9 (RLIN) 5380
Holdings
Estatus retirado Estado de pérdida Fuente del sistema de clasificación o colocación Estado de daño No para préstamo Biblioteca de origen Biblioteca actual Ubicación en estantería Fecha de adquisición Total de préstamos Signatura topográfica completa Código de barras Visto por última vez Precio de reemplazo Tipo de ítem Koha
    Clasificación Decimal Dewey     Biblioteca LadoV Biblioteca LadoV   06/08/2016   708 K791o 003873 06/08/2016 06/08/2016 Material 01